<?xml version="1.0" encoding="UTF-8"?>
<record
    xmlns:xsi="http://www.w3.org/2001/XMLSchema-instance"
    xsi:schemaLocation="http://www.loc.gov/MARC21/slim http://www.loc.gov/standards/marcxml/schema/MARC21slim.xsd"
    xmlns="http://www.loc.gov/MARC21/slim">

  <leader>00727nam a22001817a 4500</leader>
  <controlfield tag="003">UA-OsUOA</controlfield>
  <controlfield tag="001"> 15824 </controlfield>
  <controlfield tag="007">ta</controlfield>
  <controlfield tag="008">20031209b un ||||| |||| 00| 0 ukr d</controlfield>
  <datafield tag="100" ind1=" " ind2=" ">
    <subfield code="a">&#x417;&#x430;&#x44F;&#x446;&#x44C; &#x412;.</subfield>
  </datafield>
  <datafield tag="942" ind1=" " ind2=" ">
    <subfield code="c">SA</subfield>
  </datafield>
  <datafield tag="040" ind1=" " ind2=" ">
    <subfield code="a">UA-OsUOA</subfield>
    <subfield code="c">UA-OsUOA</subfield>
    <subfield code="d">UA-OsUOA</subfield>
  </datafield>
  <datafield tag="245" ind1=" " ind2=" ">
    <subfield code="a">"&#x410;&#x433;&#x440;&#x43E;-&#x421;&#x43E;&#x44E;&#x437;" - &#x43B;&#x456;&#x434;&#x435;&#x440; &#x443;&#x43A;&#x440;&#x430;&#x457;&#x43D;&#x441;&#x44C;&#x43A;&#x43E;&#x433;&#x43E; &#x440;&#x438;&#x43D;&#x43A;&#x443; &#x437;&#x430;&#x43F;&#x430;&#x441;&#x43D;&#x438;&#x445; &#x447;&#x430;&#x441;&#x442;&#x438;&#x43D;"</subfield>
    <subfield code="b">[&#x420;&#x43E;&#x437;&#x43F;&#x43E;&#x432;&#x456;&#x434;&#x44C; &#x434;&#x438;&#x440;. &#x422;&#x437;&#x41E;&#x412; "&#x410;&#x433;&#x440;&#x43E;-&#x421;&#x43E;&#x44E;&#x437;-&#x420;&#x456;&#x432;&#x43D;&#x435;" &#x43F;&#x440;&#x43E; &#x434;&#x456;&#x44F;&#x43B;&#x44C;&#x43D;&#x456;&#x441;&#x442;&#x44C; &#x43D;&#x430; &#x432;&#x456;&#x442;&#x447;&#x438;&#x437;&#x43D;&#x44F;&#x43D;&#x43E;&#x43C;&#x443; &#x440;&#x438;&#x43D;&#x43A;&#x443; &#x412;.&#x417;&#x430;&#x439;&#x446;&#x44F;]/&#x41E;.&#x414;&#x443;&#x431;&#x43E;&#x432;&#x438;&#x43A;</subfield>
  </datafield>
  <datafield tag="300" ind1=" " ind2=" ">
    <subfield code="a">&#x421;.4</subfield>
  </datafield>
  <datafield tag="955" ind1=" " ind2=" ">
    <subfield code="a">0</subfield>
  </datafield>
  <datafield tag="773" ind1="0" ind2=" ">
    <subfield code="w">0</subfield>
    <subfield code="t">&#x406;&#x43C;&#x456;&#x434;&#x436;</subfield>
    <subfield code="d">&#x420;&#x456;&#x432;&#x43D;&#x435;</subfield>
    <subfield code="d">2003</subfield>
    <subfield code="g">&#x2116;20/&#x41B;&#x438;&#x441;&#x442;&#x43E;&#x43F;./</subfield>
  </datafield>
  <datafield tag="650" ind1=" " ind2="7">
    <subfield code="a">&#x41A;&#x440;&#x430;&#x454;&#x437;&#x43D;&#x430;&#x432;&#x447;&#x430; &#x440;&#x43E;&#x431;&#x43E;&#x442;&#x430;</subfield>
    <subfield code="2">UDC</subfield>
  </datafield>
  <datafield tag="999" ind1=" " ind2=" ">
    <subfield code="c">301989</subfield>
    <subfield code="d">301989</subfield>
  </datafield>
</record>
